Histology and cell biology: An introduction to pathology (Record no. 393757)

MARC details
000 -LEADER
fixed length control field 00595 a2200229 4500
005 - DATE & TIME
control field 20260129111611.0
008 - FIXED-LENGTH DATA ELEMENTS--GENERAL INFORMATION
fixed length control field 260128b |||||||| |||| 00| 0 eng d
020 ## - ISBN
International Standard Book Number 9780443284885
Price $ 92.99
040 ## - CATALOGING SOURCE
Original cataloging agency VIVEKANANDA LIBRARY
082 ## - DDC NUMBER
Classification number 616.07
Book Number K549H(6)
100 ## - MAIN ENTRY--PERSONAL NAME
Personal name Kierszenbaum, Abraham L
245 ## - TITLE STATEMENT
Title Histology and cell biology: An introduction to pathology
250 ## - EDITION STATEMENT
Edition statement 6th
260 ## - PUBLICATION, DISTRIBUTION, ETC. (IMPRINT)
Name of publisher, distributor, etc Elsiver
Date of publication, distribution, etc 2026
Place of publication, distribution, etc Philadelphia
300 ## - PHYSICAL DESCRIPTION
Pages xvi, 805
650 ## - Subject
Subject Human Histology
650 ## - Subject
Subject Cell Biology
650 ## - Subject
Subject Cytology
650 ## - Subject
Subject Histology
700 ## - Added Entry Personal Name
Added Entry Personal Name Tres, Laura L
942 ## - ADDED ENTRY ELEMENTS (KOHA)
Koha item type Books
Holdings
Withdrawn status Lost status Source of classification or shelving scheme Damaged status Not for loan Location (home branch) Sublocation or collection (holding branch) Shelving location Date acquired Koha issues (times borrowed) Koha full call number Accession No. Koha date last seen Koha item type
    Dewey Decimal Classification     VIVEKANANDA LIBRARY VIVEKANANDA LIBRARY Vivekananda Library 03/12/2025   616.07 K549H(6) 443497 03/12/2025 Books
© Designed and Maintained by Vivekananda Library, MDU Rohtak